Pokémon - La Quatrième Génération - Statistiques

Statistiques générales
  • Ce quiz a été pris 32 fois
  • Le résultat moyen est 10 sur 20
Statistiques - réponses
Question Réponse % Correct
JEUX - Comment s'appelle le sommet du Mont Couronné dans Pokémon Platine ? Colonnes Lances
85%
ANIMÉ - Quel est le contexte de l'intégration de Ouisticram dans l'équipe de Sacha ? Pokémon abandonné
85%
JEUX - Combien de Pokémon sont présents dans la région de Sinnoh ? 107
77%
JEUX - Dans quelle ville rencontre-t-on Cynthia pour la première fois ? Vestigion
77%
ANIMÉ - Quel est le Pokémon de Johanna (la mère d'Aurore) que l'on voit dans le premier épisode de la série Diamant & Perle ?
69%
CARTES - À quel dresseur est attachée la carte Ptéra de l'extension "Rivaux Émergeants" ?
69%
ANIMÉ - Quel est le nom du rival de Sacha à Sinnoh ? Paul
69%
CARTES - Quelle carte n'est pas un Pokémon X dans l'extension "Trésors Mystérieux" ?
62%
JEUX - Quel médicament faut-il utiliser pour soigner les Psykokwak de la Route 210 ? Potionsecret
62%
ANIMÉ - Quel Pokémon de Sacha parvient à vaincre le Darkrai de Tobias ?
54%
ANIMÉ - Quel est le titre du dixième film Pokémon ? L'Ascension de Darkrai
54%
MANGA - De quelle ville est originaire Hélio ? Rivamar
46%
CARTES - Quel Pokémon se trouve sur la carte Super rappel dans l'extension "Aube Majestueuse" ?
31%
JEUX - Qui est le/la meneur(se) de l'Arcade de combat dans Pokémon Platine ?
31%
CARTES - Quel est le niveau de toutes les cartes Arceus dans l'extension "Vainqueurs Suprêmes" ? Niveau 100
31%
CARTES - Quel type de Poké Ball n'apparait pas dans l'extension "Tempête" ?
23%
MANGA - Quel Pokémon Légendaire possède Diamant ?
23%
MANGA - Quel est le nom de famille de Platine ? Berlitz
23%
MANGA - Quels sont les noms des gardes du corps de Platine ? Grodo & Mosso
23%
MANGA - Quelle est la couleur de l'écharpe de Perle ? Verte
15%
Aucun quiz correspondant
Distribution des résultats
% des personnes avec chaque résultat
Percentile par nombre de réponses
Votre historique - résultats
Vous n’avez pas pris ce quiz